Narodil sa Kráľ

Bibliographic Details
Other Authors: Bindas, Eduard, 1926-2012 (Performer), Bučko, Štefan, 1957- (Performer), Gajdošová-Letková, Hana, 1958- (Performer), Gogál, Ivo, 1959- (Performer), Kaprálik, Dušan, 1948-2023 (Performer), Kaprálik, Martin, 1976- (Performer), Landl, Matej, 1963- (Performer), Majeský, Marek, 1972- (Performer)
Format: Video DVD
Language:Slovak
English
Czech
PhysicalDescription:1 videodisk (DVD) (26 min.) zvuk DD 2.0, fareb., PAL 4:3 12 cm
Published: Bratislava Štúdio Nádej 2009
Series:Animované biblické príbehy Novej zmluvy
Subjects:

MARC

LEADER 00000ngm a2200000 a 4500
001 vtls009522866
003 SK-MaSNL
005 20260301082239.0
007 vd cvaizs
008 251029s2009 xo 026 g vaslo
015 |a SNBJ2010/01-00034 
040 |a SNK  |b slo  |c SNK  |e AACR2 
041 1 |a eng  |a cze  |a slo  |b cze  |b slo  |h eng 
044 |a xo  |c SK 
072 7 |a 791  |x Film. Cirkus. Ľudová zábava  |2 konspekt 
080 |a 791.228  |2 2001 
080 |a (0.034.44)  |2 2001 
130 4 |a The King is Born  |l Slovensky  |9 406847 
245 1 0 |a Narodil sa Kráľ  |h videozáznam 
260 |a Bratislava  |b Štúdio Nádej  |c 2009 
300 |a 1 videodisk (DVD) (26 min.)  |b zvuk DD 2.0, fareb., PAL 4:3  |c 12 cm 
490 1 |a Animované biblické príbehy Novej zmluvy  |v 2 
500 |a Názov z disku 
511 0 |a V slovenskom znení účinkovali: Eduard Bindas, Štefan Bučko, Hana Gajdošová, Ivo Gogál, Dušan Kaprálik, Martin Kaprálik, Matej Landl, Marek Majeský a ďalší 
546 |a V originálnom anglickom znení, dabing a titulky slov., čes. 
650 0 7 |a animované filmy  |2 SNKPH  |9 3171 
650 0 7 |a filmové rozprávky  |2 SNKPH  |9 73150 
655 7 |a DVD  |2 SNKPH  |9 70751 
700 1 |a Bindas, Eduard,  |d 1926-2012  |4 prf  |9 99780 
700 1 |a Bučko, Štefan,  |d 1957-  |4 prf  |9 104816 
700 1 |a Gajdošová-Letková, Hana,  |d 1958-  |4 prf  |9 235249 
700 1 |a Gogál, Ivo,  |d 1959-  |4 prf  |9 193181 
700 1 |a Kaprálik, Dušan,  |d 1948-2023  |4 prf  |9 99781 
700 1 |a Kaprálik, Martin,  |d 1976-  |4 prf  |9 20514 
700 1 |a Landl, Matej,  |d 1963-  |4 prf  |9 101995 
700 1 |a Majeský, Marek,  |d 1972-  |4 prf  |9 125043 
830 0 |a Animované biblické príbehy Novej zmluvy  |9 322909 
958 |a NT 
999 |c 658049  |d 659979 
952 |a SNK  |b SNK  |y PREZ  |7 0  |p 17A0623037  |o snkSDVD 507  |i snk2009/10177  |8 0  |0 0  |1 0  |4 0  |d 2009-06-08  |l 0  |r 2026-02-23 18:44:01  |w 2026-02-23